000 00706nam a2200241Ia 4500
003 OSt
005 20220925230108.0
006 a|||||r|||| 00| 0
007 ta
008 220923b |||||||| |||| 00| 0 eng d
037 _cGeneral Book
040 _aRTL
_cRTL
_beng
041 _2eng
_aeng
082 _aX:89K.58.N9, N6
100 _aDmitrieva Oksana
_9293218
245 0 _aRegional development
260 _aLondon
_bU C L Press UK
_c1996
300 _axi, 211p. Bibliography P 201-06, Appendix P 193-99
_ccm.
500 _aChanging Eastern europe, 1
650 _aRegional Economics
942 _hX:89K.58.N9, N6
_cGB
_2CC
999 _c584691
_d584691